00609nas a2200265 4500000000100000008004100001260001300042653001300055653000900068653001100077653001100088653001700099653001200116653000900128653002900137653001900166653002500185653001600210653002100226100001300247245005200260300001000312490000700322022001400329 1973 d c1973 Jan10aDentures10aFace10aFemale10aHumans10aJaw Diseases10aleprosy10aMale10aMaxillofacial Prosthesis10aMouth Diseases10aMouth Rehabilitation10aRhinoplasty10aSurgery, Plastic1 aWerner R00a[Leprosy in the mouth, jaw, and facial region]. a64-730 v28 a0012-1029